Parliament and the Budgetary process including from a Gender Perspecive (Record no. 3256)

MARC details
000 -LEADER
fixed length control field 00429nam a22001337a 4500
008 - FIXED-LENGTH DATA ELEMENTS--GENERAL INFORMATION
fixed length control field 230703b xxu||||| |||| 00| 0 eng d
020 ## - INTERNATIONAL STANDARD BOOK NUMBER
International Standard Book Number 9291420832
082 ## - DEWEY DECIMAL CLASSIFICATION NUMBER
Classification number 351.7
Item number IPU
100 ## - MAIN ENTRY--PERSONAL NAME
Titles and words associated with a name IPU
245 ## - TITLE STATEMENT
Title Parliament and the Budgetary process including from a Gender Perspecive
Remainder of title Regional Seminar for English-Speaking African Parliaments
Statement of responsibility, etc. 22-24 May 2000
260 ## - PUBLICATION, DISTRIBUTION, ETC. (IMPRINT)
Place of publication, distribution, etc. Nairobi, Kenya
Name of publisher, distributor, etc. IPU
Date of publication, distribution, etc. 2001
300 ## - PHYSICAL DESCRIPTION
Extent 96p
942 ## - ADDED ENTRY ELEMENTS (KOHA)
Source of classification or shelving scheme Dewey Decimal Classification
Koha item type Books
Holdings
Withdrawn status Lost status Source of classification or shelving scheme Damaged status Not for loan Home library Current library Date acquired Total Checkouts Full call number Barcode Date last seen Price effective from Koha item type
    Dewey Decimal Classification     County Hall Archives County Hall Archives 07/03/2023   351.7 IPU 10013971 07/03/2023 07/03/2023 Books
LIBRARY OPENING HOURS

When the Parliament is sitting: 8.00a.m - 7.00p.m or until the house adjourns
Mondays and Fridays and when the House is on Recess:  8.00a.m - 5.00p.m
Closed on Weekends and Public Holidays

Online Public Access Catalog (OPAC)
Website: http://www.parliament.go.ke
Bunge Library: https://libraryir.parliament.go.ke
Contact: library@parliament.go.ke | Tel no: (254-2)2221291 or 2848000 Ext 5043